駅名が「あい」ではじまる駅 - Statistics

General Stats
  • This quiz has been taken 100 times
  • The average score is 22 of 56
Answer Stats
Hint Answer % Correct
会津若松市 会津若松
88%
会津坂下町 会津坂下
79%
相生市 相生
76%
愛別町 愛別
72%
札幌市 あいの里教育大
64%
袋井市 愛野
64%
南会津町 会津田島
63%
札幌市 あいの里公園
60%
厚木市 愛甲石田
60%
姶良市 姶良
59%
大阪市 相川
57%
町田市 相原
56%
金山町 会津川口
53%
豊川市 愛知御津
53%
南会津町 会津高原尾瀬口
49%
柳津町 会津柳津
49%
桐生市 相老
48%
三田市 相野
48%
幸田町 相見
47%
下郷町 会津下郷
45%
長久手市 愛・地球博記念公園
40%
刈谷市 逢妻
39%
会津若松市 会津本郷
37%
北見市 相内
36%
三島町 会津宮下
33%
会津美里町 会津高田
33%
只見町 会津蒲生
32%
南会津町 会津荒海
32%
会津坂下町 会津坂本
32%
三島町 会津桧原
32%
金山町 会津中川
32%
三田市 藍本
32%
南会津町 会津山村道場
31%
三島町 会津西方
31%
金山町 会津横田
31%
喜多方市 会津豊川
29%
豊田市 愛環梅坪
29%
只見町 会津塩沢
28%
南会津町 会津長野
28%
金山町 会津水沼
28%
金山町 会津越川
28%
金山町 会津大塩
28%
豊橋市 愛知大学前
28%
横手市 相野々
27%
浜松市 相月
25%
東温市 愛大医学部南口
24%
神戸市 アイランドセンター
23%
北秋田市 合川
20%
黒部市 愛本
20%
神戸市 藍那
19%
神戸市 アイランド北口
19%
上市町 相ノ木
17%
松江市 秋鹿町
17%
紀北町 相賀
15%
佐世保市 相浦
13%
名古屋市 相生山
12%
No matching quizzes found
Score Distribution
Percent of People with Each Score
Percentile by Number Answered
Your Score History
You have not taken this quiz